[Event "ch-Commonwealth 2012"]
[Site "Chennai IND"]
[Date "2012.11.25"]
[Round "4"]
[White "Ankit, R. Rajpara"]
[Black "Meera, Sai"]
[Result "1-0"]
[WhiteTitle "IM"]
[BlackTitle "WIM"]
[WhiteElo "2423"]
[BlackElo "2122"]
[WhiteFideId "5023335"]
[BlackFideId "5004357"]
[EventDate "2012.11.23"]

1. e4 e5 2. Nf3 Nc6 3. Bc4 Bc5 4. d3 Nf6 5. Nbd2 a6 6. O-O d6 7. c3 Ba7 8. Bb3
O-O 9. h3 Nh5 10. Nc4 Qf6 11. Ne3 Be6 12. Nd5 Bxd5 13. exd5 Nb8 14. d4 Nd7 15.
Bg5 Qg6 16. Be7 Rfe8 17. Bc2 f5 18. Nh4 Qf7 19. Bxf5 Qxe7 20. Be6+ Kh8 21. Qxh5
Nf8 22. Bf7 Red8 23. Ng6+ Nxg6 24. Bxg6 h6 25. Rae1 Rf8 26. dxe5 dxe5 27. Rxe5
Qc5 28. Qe2 Rf6 29. Be4 Raf8 30. Bf3 Qd6 31. Re6 Qf4 32. Rxf6 Qxf6 33. Qe6 Qf4
34. Qg6 Rf6 35. Qe4 Qxe4 36. Bxe4 Bc5 37. g3 a5 38. Kg2 Kg8 39. f4 Rb6 40. b3
Kf7 41. Re1 Rd6 42. Kf3 Rd7 43. Bf5 Rd8 44. g4 Kf8 45. Be6 b6 46. h4 Be7 47. g5
h5 48. f5 Rd6 49. Ke4 c6 50. c4 c5 51. Rf1 Rd8 52. f6 1-0

[Event "ch-Commonwealth 2012"]
[Site "Chennai IND"]
[Date "2012.11.25"]
[Round "4"]
[White "Himanshu, Sharma"]
[Black "Michelle Catherina, P"]
[Result "1-0"]
[WhiteTitle "IM"]
[WhiteElo "2417"]
[BlackElo "2109"]
[WhiteFideId "5007836"]
[BlackFideId "5005736"]
[EventDate "2012.11.23"]

1. e4 e5 2. Nf3 Nc6 3. Bb5 Nge7 4. c3 a6 5. Ba4 g6 6. d4 exd4 7. Nxd4 Bg7 8.
Nxc6 Nxc6 9. Bxc6 bxc6 10. O-O O-O 11. Be3 d5 12. Nd2 Re8 13. exd5 cxd5 14. Nb3
c6 15. Qd2 Bf5 16. Rfe1 Qh4 17. Bd4 Bh6 18. Rxe8+ Rxe8 19. Re1 Qd8 20. Rxe8+
Qxe8 21. Be3 Bf8 22. f3 h5 23. Kf2 Bb1 24. a3 Qb8 25. Na5 Qxh2 26. Nxc6 Qh4+ 27.
Kg1 Bd6 28. f4 Be4 29. Ne5 Qf6 30. Bd4 Qf5 31. Be3 h4 32. Qf2 f6 33. Nf3 h3 34.
g3 g5 35. Nh2 Bg2 36. Qe2 Qe4 37. Ng4 Kg7 38. Nf2 Qb1+ 39. Kh2 Qf5 40. Qxa6 gxf4
41. Qxd6 fxe3 42. Qe7+ Kg6 43. Qxe3 Qb1 44. Qd3+ Qxd3 45. Nxd3 Kf5 46. Nf4 1-0

[Event "ch-Commonwealth 2012"]
[Site "Chennai IND"]
[Date "2012.11.25"]
[Round "5"]
[White "Nolte, Rolando"]
[Black "Oleksienko, Mikhailo"]
[Result "0-1"]
[WhiteTitle "IM"]
[BlackTitle "GM"]
[WhiteElo "2445"]
[BlackElo "2551"]
[WhiteFideId "5200636"]
[BlackFideId "4152417"]
[EventDate "2012.11.23"]

1. d4 Nf6 2. c4 c5 3. Nf3 cxd4 4. Nxd4 Nc6 5. Nc3 e6 6. e3 Bb4 7. Nb5 a6 8. Nd6+
Ke7 9. Nxc8+ Rxc8 10. Bd2 Bxc3 11. Bxc3 Ne4 12. Qc2 Nxc3 13. Qxc3 Qa5 14. Qxa5
Nxa5 15. b3 Rb8 16. Bd3 Nc6 17. Be4 Rhc8 18. Kd2 b5 19. cxb5 axb5 20. Bxc6 Rxc6
21. Rhc1 Rd6+ 22. Ke2 Ra6 23. Kd2 b4 24. Rc2 Ra5 25. Ke2 Rba8 26. g3 g5 27. Kf3
h5 28. e4 g4+ 29. Kg2 R8a7 30. h3 Kf6 31. hxg4 hxg4 32. Re1 Ke5 33. Rc4 Rb7 34.
Re2 d6 35. Rec2 Rbb5 36. Rd2 Rb6 37. Rc7 f6 38. Rg7 Rba6 39. Rb7 Rxa2 40. Rb5+
Kxe4 41. Rxb4+ Kf5 42. Rdd4 e5 43. Rxg4 Rb2 44. Ra4 Rxa4 45. Rxa4 Rxb3 46. Ra6
d5 47. Rd6 d4 48. Kf1 Rb4 49. Kg2 e4 50. Rd8 Ke5 51. Re8+ Kd5 52. g4 d3 53. f3
e3 54. Rxe3 d2 0-1

[Event "ch-Commonwealth 2012"]
[Site "Chennai IND"]
[Date "2012.11.25"]
[Round "5"]
[White "Karthikeyan, P."]
[Black "Dzhumaev, Marat"]
[Result "1/2-1/2"]
[WhiteTitle "IM"]
[BlackTitle "GM"]
[WhiteElo "2414"]
[BlackElo "2530"]
[WhiteFideId "5018226"]
[BlackFideId "14200236"]
[EventDate "2012.11.23"]

1. d4 f5 2. Bg5 g6 3. Nd2 Nc6 4. e4 fxe4 5. Nxe4 d5 6. Nc5 Qd6 7. Bb5 Bg7 8. Nf3
Nh6 9. Qd2 Nf7 10. Bf4 e5 11. Bxc6+ Qxc6 12. Nxe5 Nxe5 13. Bxe5 Bxe5 14. Qe3 O-O
15. dxe5 b6 16. Nd3 Bf5 17. O-O-O Qa4 18. Kb1 d4 19. Qe2 c5 20. b3 Qc6 21. f3 a5
22. Nc1 a4 23. Ka1 Be6 24. h4 axb3 25. cxb3 h6 26. Qc2 Qe8 27. Rhf1 Kg7 28. g4
Qf7 29. h5 g5 30. Kb2 Kh8 31. Ne2 Qg7 32. Nc1 Qxe5 33. Rde1 Qf6 34. Nd3 Bg8 35.
f4 gxf4 36. Rxf4 Qg7 37. Ne5 Bh7 38. Rxf8+ Rxf8 39. Qe2 d3 40. Qd2 b5 41. Kc1
Qf6 42. Qc3 b4 43. Ng6+ Bxg6 44. Qxf6+ Rxf6 45. hxg6 Rxg6 46. Re4 Rg5 47. Kd2
Rd5 48. Re7 Rd4 49. Re5 Rxg4 50. Rxc5 Rd4 51. a4 bxa3 52. Ra5 Kg7 53. b4 Kf6 54.
Rxa3 h5 55. Rxd3 Rxb4 56. Ke2 1/2-1/2

[Event "ch-Commonwealth 2012"]
[Site "Chennai IND"]
[Date "2012.11.25"]
[Round "5"]
[White "Lalith, Babu M.R."]
[Black "Kathmale, Sameer"]
[Result "1-0"]
[WhiteTitle "GM"]
[WhiteElo "2528"]
[BlackElo "2281"]
[WhiteFideId "5024595"]
[BlackFideId "5024498"]
[EventDate "2012.11.23"]

1. Nf3 Nf6 2. c4 e6 3. g3 b6 4. Bg2 Bb7 5. O-O Be7 6. Nc3 O-O 7. Re1 c6 8. e4 d5
9. e5 Ne8 10. cxd5 cxd5 11. d4 a5 12. h4 Ba6 13. Bg5 Nc6 14. Rc1 Rc8 15. Na4
Bxg5 16. hxg5 Nb4 17. Rxc8 Qxc8 18. Qd2 Qd7 19. b3 Bb5 20. Nc3 Ba6 21. Nh2 Nc7
22. Ng4 Rc8 23. a4 Bd3 24. Rc1 b5 25. Bf1 Bxf1 26. Kxf1 bxa4 27. bxa4 Na8 28.
Nf6+ gxf6 29. gxf6 Kh8 30. Nb5 Rg8 31. Nd6 Nb6 32. Qh6 Nd3 33. Rb1 Nxf2 34. Kxf2
Qc7 35. Rc1 1-0

[Event "ch-Commonwealth 2012"]
[Site "Chennai IND"]
[Date "2012.11.25"]
[Round "5"]
[White "Ram, S. Krishnan"]
[Black "Arun Prasad, S."]
[Result "1/2-1/2"]
[BlackTitle "GM"]
[WhiteElo "2269"]
[BlackElo "2513"]
[WhiteFideId "5010519"]
[BlackFideId "5011167"]
[EventDate "2012.11.23"]

1. d4 Nf6 2. Nf3 e6 3. c4 c5 4. dxc5 Bxc5 5. Nc3 O-O 6. e3 b6 7. Be2 Bb7 8. O-O
a6 9. b3 Be7 10. Bb2 d6 11. Nd4 Nbd7 12. Bf3 Qc7 13. Bxb7 Qxb7 14. Qf3 Qxf3 15.
Nxf3 Rab8 16. Rfd1 Rfc8 17. Rac1 Kf8 18. Ba3 Nc5 19. Kf1 g6 20. Ke2 Ke8 21. Bxc5
bxc5 22. Rd2 Rd8 23. Rcd1 Rb7 24. h3 Rbd7 25. e4 Nh5 26. g3 1/2-1/2

[Event "ch-Commonwealth 2012"]
[Site "Chennai IND"]
[Date "2012.11.25"]
[Round "5"]
[White "Akshat, Khamparia"]
[Black "Tiviakov, Sergei"]
[Result "0-1"]
[WhiteTitle "IM"]
[BlackTitle "GM"]
[WhiteElo "2398"]
[BlackElo "2659"]
[WhiteFideId "5016541"]
[BlackFideId "1008013"]
[EventDate "2012.11.23"]

1. d4 Nf6 2. c4 e6 3. Nc3 Bb4 4. Bg5 h6 5. Bh4 b6 6. e3 Bb7 7. Qb3 Be7 8. O-O-O
O-O 9. Nf3 d6 10. h3 Nbd7 11. Bg3 a6 12. Bd3 c5 13. Kb1 b5 14. cxb5 d5 15. bxa6
Bxa6 16. Bxa6 Rxa6 17. Qb7 Rb6 18. Qa7 Qc8 19. Rc1 c4 20. Qa4 Qb7 21. Qc2 Ba3
22. Na4 Ra6 23. Ka1 Bb4 24. b3 Rfa8 25. Rhf1 Nb6 0-1

[Event "ch-Commonwealth 2012"]
[Site "Chennai IND"]
[Date "2012.11.25"]
[Round "5"]
[White "Adly, Ahmed"]
[Black "Garcia, Jan Emmanuel"]
[Result "1-0"]
[WhiteTitle "GM"]
[BlackTitle "IM"]
[WhiteElo "2607"]
[BlackElo "2394"]
[WhiteFideId "10601619"]
[BlackFideId "5200750"]
[EventDate "2012.11.23"]

1. d4 g6 2. Nf3 Nf6 3. g3 Bg7 4. Bg2 O-O 5. c4 c6 6. O-O d5 7. cxd5 cxd5 8. Nc3
Nc6 9. Ne5 Bf5 10. Bg5 Nxe5 11. dxe5 Ne4 12. Bxe4 dxe4 13. Nd5 f6 14. Be3 Be6
15. Nf4 Qxd1 16. Rfxd1 Kf7 17. exf6 exf6 18. Rd6 Bf5 19. Rad1 Rfc8 20. h3 Bf8
21. R6d5 Rc2 22. Rxf5 gxf5 23. Rd7+ Be7 24. Rxb7 Rd8 25. Rxa7 Ke8 26. Ne6 Rd1+
27. Kg2 Rxe2 28. Ng7+ Kd8 29. Nxf5 Bd6 30. Rxh7 Be5 31. h4 Rxb2 32. h5 Rxa2 33.
h6 Raa1 34. Kh3 Rd7 35. Rh8+ Kc7 36. Kg4 Rh1 37. Rg8 Kc6 38. Nh4 Kd5 39. Kf5 Bd4
40. Rg7 Rd8 41. h7 Kc4 1-0

[Event "ch-Commonwealth 2012"]
[Site "Chennai IND"]
[Date "2012.11.25"]
[Round "5"]
[White "Ravichandran, Siddharth"]
[Black "Adhiban, Baskaran"]
[Result "1/2-1/2"]
[WhiteTitle "IM"]
[BlackTitle "GM"]
[WhiteElo "2381"]
[BlackElo "2559"]
[WhiteFideId "5010535"]
[BlackFideId "5018471"]
[EventDate "2012.11.23"]

1. e4 c5 2. Nc3 e6 3. f4 d5 4. Bb5+ Bd7 5. Bxd7+ Qxd7 6. d3 Nc6 7. Nf3 O-O-O 8.
O-O dxe4 9. dxe4 Nf6 10. Qxd7+ Rxd7 11. Ne5 Nxe5 12. fxe5 Ng4 13. Bf4 c4 14. h3
Bc5+ 15. Kh1 Ne3 16. Bxe3 Bxe3 17. Nb5 Bc5 18. Rf3 a6 19. Nd6+ Bxd6 20. exd6 f6
21. Rc3 Rxd6 22. Rxc4+ Kd7 23. Re1 Rc8 24. Rxc8 Kxc8 25. e5 fxe5 26. Re2 Rd1+
27. Kh2 Kd7 28. Kg3 Kd6 29. Kf3 b5 30. Ke4 b4 31. c3 bxc3 32. bxc3 a5 33. Rb2
Re1+ 34. Kd3 e4+ 35. Kd4 e5+ 36. Kc4 e3 37. Rb6+ Ke7 38. Kd3 Rg1 39. Rb2 Re1 40.
Rb6 Ra1 41. Rb2 Kd6 42. Kxe3 Kc5 43. Kd3 Rd1+ 44. Ke2 Ra1 45. Kd3 Rd1+ 46. Ke2
Ra1 47. Kd3 a4 48. Re2 e4+ 49. Rxe4 Rxa2 50. Re5+ Kd6 51. Rg5 g6 52. h4 a3 53.
h5 Ra1 54. Kc2 gxh5 55. Rxh5 Rg1 56. Kb3 1/2-1/2

[Event "ch-Commonwealth 2012"]
[Site "Chennai IND"]
[Date "2012.11.25"]
[Round "5"]
[White "Lintchevski, Daniil"]
[Black "Senador, Emmanuel"]
[Result "1-0"]
[WhiteTitle "GM"]
[BlackTitle "IM"]
[WhiteElo "2555"]
[BlackElo "2352"]
[WhiteFideId "4171055"]
[BlackFideId "5200601"]
[EventDate "2012.11.23"]

1. Nf3 d5 2. d4 c5 3. c4 e6 4. cxd5 exd5 5. g3 Nc6 6. Bg2 Nf6 7. O-O Be7 8. Nc3
O-O 9. Bg5 cxd4 10. Nxd4 h6 11. Be3 Re8 12. Qa4 Na5 13. Nxd5 Nxd5 14. Bxd5 Bh3
15. Bg2 Bxg2 16. Kxg2 Qd5+ 17. Nf3 Nc4 18. Bd4 Bf8 19. Qd1 Bb4 20. a3 Bf8 21. e3
Rad8 22. Kg1 Qe4 23. Nd2 Nxd2 24. Qxd2 Bc5 25. Rad1 Bxd4 26. exd4 Re6 27. Qa5
Rxd4 28. Qxa7 Red6 29. Qb8+ Kh7 30. Qxd6 Rxd6 31. Rxd6 Qe2 32. Rd7 h5 33. Rxb7
h4 34. Rb4 g5 35. gxh4 g4 36. a4 Kg6 37. Rb5 f5 38. h5+ Kg5 39. h6 Qe7 40. a5
Qd7 41. h7 Qxh7 42. a6 Qd7 43. Ra1 1-0

[Event "ch-Commonwealth 2012"]
[Site "Chennai IND"]
[Date "2012.11.25"]
[Round "5"]
[White "Paragua, Mark"]
[Black "Das, Sayantan"]
[Result "1/2-1/2"]
[WhiteTitle "GM"]
[BlackTitle "FM"]
[WhiteElo "2532"]
[BlackElo "2339"]
[WhiteFideId "5201241"]
[BlackFideId "5034426"]
[EventDate "2012.11.23"]

1. d4 d5 2. Nf3 Nf6 3. c4 e6 4. e3 c5 5. cxd5 exd5 6. Nc3 Nc6 7. Be2 cxd4 8.
Nxd4 Bd6 9. O-O O-O 10. Ncb5 Bb8 11. Nf3 Bg4 12. h3 Bh5 13. b3 a6 14. Nbd4 Qc7
15. g3 Ne4 16. Qe1 Nxd4 17. Nxd4 Bxe2 18. Qxe2 Qd7 19. Kg2 Qd6 20. Qg4 h5 21.
Qf3 g6 22. h4 Qe7 23. Rd1 Be5 24. Bb2 Rfd8 25. Rac1 a5 26. Qe2 Qf6 27. a4 Rac8
28. Rc2 Rxc2 29. Qxc2 Kh7 30. Rf1 Rg8 31. Ba1 Re8 32. Qa2 Rc8 33. b4 Bxd4 34.
Bxd4 Qf5 35. bxa5 Nxg3 36. Kxg3 Qg4+ 37. Kh2 Qxh4+ 38. Kg2 Qg4+ 1/2-1/2

[Event "ch-Commonwealth 2012"]
[Site "Chennai IND"]
[Date "2012.11.25"]
[Round "5"]
[White "Nitin, S."]
[Black "Deepan, Chakkravarthy J."]
[Result "1/2-1/2"]
[WhiteTitle "IM"]
[BlackTitle "GM"]
[WhiteElo "2398"]
[BlackElo "2500"]
[WhiteFideId "5018277"]
[BlackFideId "5011132"]
[EventDate "2012.11.23"]

1. e4 e5 2. Nf3 Nc6 3. Nc3 Nf6 4. Bb5 Bb4 5. O-O O-O 6. d3 d6 7. Bg5 Ne7 8. Nh4
c6 9. Bc4 d5 10. Bb3 Bxc3 11. bxc3 dxe4 12. dxe4 Bg4 13. Qe1 Nh5 14. Qe3 Qc7 15.
h3 Be6 16. Qc5 Rfe8 17. Bxe6 fxe6 18. Rfd1 Nf6 19. Qc4 Ng6 20. Nxg6 hxg6 21. a4
Kf7 22. Rd3 Rad8 23. Rad1 Rxd3 24. cxd3 Nh7 25. Be3 Nf6 26. Bg5 1/2-1/2

[Event "ch-Commonwealth 2012"]
[Site "Chennai IND"]
[Date "2012.11.25"]
[Round "5"]
[White "Neelotpal, Das"]
[Black "Purushothaman, T"]
[Result "1/2-1/2"]
[WhiteTitle "GM"]
[WhiteElo "2467"]
[BlackElo "2286"]
[WhiteFideId "5003512"]
[BlackFideId "5012791"]
[EventDate "2012.11.23"]

1. d4 Nf6 2. c4 g6 3. Nc3 d5 4. cxd5 Nxd5 5. g3 Bg7 6. Bg2 Nxc3 7. bxc3 c5 8. e3
O-O 9. Ne2 cxd4 10. cxd4 e5 11. O-O exd4 12. Nxd4 Nc6 13. Ba3 Nxd4 14. Bxf8 Ne2+
15. Qxe2 Bxa1 16. Rxa1 Qxf8 17. Rd1 Rb8 18. Bd5 Qe7 19. Rd4 Bf5 20. Qd2 b6 21.
h4 h5 22. Bb3 Rc8 23. Kh2 Be6 24. Re4 Rc6 25. Bxe6 Rxe6 26. Rd4 1/2-1/2

[Event "ch-Commonwealth 2012"]
[Site "Chennai IND"]
[Date "2012.11.25"]
[Round "5"]
[White "Karthikeyan, Murali"]
[Black "Laxman, R.R."]
[Result "1/2-1/2"]
[BlackTitle "GM"]
[WhiteElo "2329"]
[BlackElo "2461"]
[WhiteFideId "5074452"]
[BlackFideId "5005361"]
[EventDate "2012.11.23"]

1. e4 e5 2. Nf3 Nf6 3. Nxe5 d6 4. Nf3 Nxe4 5. d4 d5 6. Bd3 Nc6 7. O-O Be7 8. c4
Nb4 9. Be2 O-O 10. Nc3 Bf5 11. a3 Nxc3 12. bxc3 Nc6 13. Re1 Re8 14. Bf4 dxc4 15.
Bxc4 Bd6 16. Rxe8+ Qxe8 17. Bxd6 cxd6 18. Ng5 Bg6 19. h4 Qe7 20. Qg4 h6 21. Nh3
Qf6 22. Re1 Bf5 23. Qg3 Qg6 24. Qxg6 Bxg6 25. g4 Kf8 26. Nf4 Ne7 27. Re3 Bc2 28.
Kh2 Rc8 29. Ba2 Ba4 30. h5 Ng8 31. Kg3 Bb5 32. Nd5 Bc4 33. Bxc4 Rxc4 34. f3 Ra4
35. Nc7 Nf6 36. c4 Rxc4 37. Nb5 d5 38. Nxa7 Rxd4 39. Nb5 Ra4 40. Nd6 b6 41. Rb3
Nd7 42. Nc8 f5 43. Nxb6 Nxb6 44. Rxb6 fxg4 45. fxg4 Rxa3+ 46. Kf4 Kf7 47. Rb7+
Kg8 48. Rb8+ Kh7 49. Rd8 Ra4+ 50. Kf3 Rd4 51. Kg3 g5 52. hxg6+ Kxg6 53. Kh4 Rd1
54. Rd6+ Kg7 55. Kg3 d4 56. Kf4 d3 57. Ke3 Rg1 58. Rxd3 Rxg4 59. Kf2 Kf6 60. Rg3 1/2-1/2

[Event "ch-Commonwealth 2012"]
[Site "Chennai IND"]
[Date "2012.11.25"]
[Round "5"]
[White "Akshayraj, Kore"]
[Black "Abhilash, Reddy M.L."]
[Result "1-0"]
[WhiteTitle "IM"]
[WhiteElo "2459"]
[BlackElo "2269"]
[WhiteFideId "5012414"]
[BlackFideId "5024668"]
[EventDate "2012.11.23"]

1. d4 Nf6 2. c4 d6 3. Nc3 Nbd7 4. Nf3 e5 5. g3 c6 6. Bg2 Be7 7. Qc2 O-O 8. O-O
a6 9. Rd1 Qc7 10. b3 Re8 11. Bb2 Bf8 12. e3 e4 13. Ne1 d5 14. cxd5 cxd5 15. Nxe4
Qxc2 16. Nxf6+ Nxf6 17. Nxc2 Bf5 18. Ne1 Rec8 19. Rac1 a5 20. a3 Bd6 21. f3 h6
22. Kf2 g5 23. Rxc8+ Rxc8 24. h3 Rc7 25. Rc1 Rxc1 26. Bxc1 b6 27. Bf1 Kg7 28. g4
Bd7 29. a4 h5 30. Nc2 hxg4 31. hxg4 Ne8 32. Bd3 f6 33. Na3 Kf7 34. Nb5 Bb4 35.
Ke2 Ke7 36. Bb2 Kf7 37. Nc3 Nc7 38. Kf2 Ke7 39. Nb5 Ne8 40. Bc1 Kf7 41. Ke2 Be7
42. Bd2 Bf8 43. Be1 Bb4 44. Bg3 Ke7 45. Nc7 1-0

[Event "ch-Commonwealth 2012"]
[Site "Chennai IND"]
[Date "2012.11.25"]
[Round "5"]
[White "Sundararajan, Kidambi"]
[Black "Prasannaa, S"]
[Result "1-0"]
[WhiteTitle "GM"]
[WhiteElo "2434"]
[BlackElo "2082"]
[WhiteFideId "5005370"]
[BlackFideId "5068878"]
[EventDate "2012.11.23"]

1. Nf3 Nf6 2. g3 g6 3. Bg2 Bg7 4. O-O O-O 5. d4 d6 6. a4 a5 7. Nc3 Nbd7 8. e4 e5
9. Re1 c6 10. h3 Re8 11. b3 exd4 12. Nxd4 Nc5 13. Bb2 Qc7 14. Qd2 Ne6 15. Rad1
Rd8 16. Nf3 h6 17. Qc1 Bd7 18. Qa1 Be8 19. Nh4 Qb6 20. Nd5 Nxd5 21. exd5 Bxb2
22. Qxb2 Ng5 23. Re7 Kh7 24. Qf6 1-0

[Event "ch-Commonwealth 2012"]
[Site "Chennai IND"]
[Date "2012.11.25"]
[Round "5"]
[White "Abhishek, Kelkar"]
[Black "Ankit, R. Rajpara"]
[Result "0-1"]
[BlackTitle "IM"]
[WhiteElo "2262"]
[BlackElo "2423"]
[WhiteFideId "5019257"]
[BlackFideId "5023335"]
[EventDate "2012.11.23"]

1. e4 c6 2. d4 d5 3. e5 Bf5 4. Nd2 e6 5. Nb3 Nd7 6. Nf3 Ne7 7. Be2 h6 8. O-O Bg6
9. Bf4 Nc8 10. Ne1 Be7 11. Bd3 Nf8 12. Bc1 Nb6 13. f4 Nbd7 14. Bxg6 Nxg6 15. Nd3
Qc7 16. f5 exf5 17. e6 Nf6 18. exf7+ Kxf7 19. Rxf5 Kg8 20. Ne5 Nxe5 21. dxe5 Ne4
22. Be3 Kh7 23. Qg4 Rhf8 24. Raf1 Rxf5 25. Qxf5+ Kh8 26. Qh5 Bg5 27. Bd4 c5 28.
Rf7 Qc6 29. h4 cxd4 30. hxg5 Nxg5 31. Nxd4 Qb6 32. c3 Qxb2 33. Rf5 Qxc3 34. Rxg5
Qc1+ 35. Kh2 Qxg5 0-1

[Event "ch-Commonwealth 2012"]
[Site "Chennai IND"]
[Date "2012.11.25"]
[Round "5"]
[White "Krishna Teja, N"]
[Black "Tania, Sachdev"]
[Result "1/2-1/2"]
[BlackTitle "IM"]
[WhiteElo "2061"]
[BlackElo "2400"]
[WhiteFideId "5001498"]
[BlackFideId "5007844"]
[EventDate "2012.11.23"]

1. Nf3 Nf6 2. c4 e6 3. e3 b6 4. b3 Be7 5. Be2 Bb7 6. Bb2 O-O 7. O-O c5 8. d4
cxd4 9. Nxd4 d5 10. cxd5 Nxd5 11. Nc3 Nd7 12. Nxd5 Bxd5 13. Bf3 Ne5 14. Bxd5
Qxd5 15. Nf5 Nf3+ 16. Qxf3 Qxf5 17. Qxf5 exf5 18. Rfd1 Rfd8 19. Kf1 f6 20. Ke2
Kf7 21. Rxd8 Rxd8 22. Rc1 Bd6 23. Rc4 Ke6 24. Bd4 Kd5 25. Bb2 Rd7 26. h3 Ke6 27.
Rc6 Kd5 28. Rc4 Ke6 1/2-1/2

[Event "ch-Commonwealth 2012"]
[Site "Chennai IND"]
[Date "2012.11.25"]
[Round "5"]
[White "Nishvin.J"]
[Black "Grover, Sahaj"]
[Result "0-1"]
[BlackTitle "GM"]
[WhiteElo "2069"]
[BlackElo "2509"]
[WhiteFideId "5063841"]
[BlackFideId "5021103"]
[EventDate "2012.11.23"]

1. d4 e6 2. c4 Nf6 3. g3 d5 4. Nf3 dxc4 5. Bg2 c6 6. Ne5 Bb4+ 7. Bd2 Qxd4 8.
Bxb4 Qxe5 9. Na3 b5 10. f4 Qc7 11. Nxb5 cxb5 12. Bxa8 Bb7 13. Bxb7 Qxb7 14. Rf1
Nc6 15. Bc3 Ng4 16. Qd6 Ne3 17. Qc5 Nxf1 18. Kxf1 f6 19. Rd1 Ne7 20. Qh5+ Ng6
21. Rd6 O-O 22. Rxe6 b4 23. Bd4 Rd8 24. e3 c3 25. bxc3 bxc3 26. Bxc3 Nf8 27. Re8
g6 28. Rxf8+ Rxf8 29. Qc5 Qh1+ 30. Ke2 Qxh2+ 31. Kd3 Qxa2 32. Qd6 Qf7 33. g4 Rc8
34. Qd4 Qc7 35. Qxf6 Qxc3+ 36. Qxc3 Rxc3+ 37. Kxc3 h5 38. gxh5 0-1

[Event "ch-Commonwealth 2012"]
[Site "Chennai IND"]
[Date "2012.11.25"]
[Round "5"]
[White "Ashwin, Jayaram"]
[Black "Puranik, Abhimanyu"]
[Result "1-0"]
[WhiteTitle "IM"]
[BlackTitle "CM"]
[WhiteElo "2488"]
[BlackElo "2110"]
[WhiteFideId "5018137"]
[BlackFideId "5061245"]
[EventDate "2012.11.23"]

1. d4 Nf6 2. Nf3 c5 3. d5 e6 4. c4 exd5 5. cxd5 d6 6. Nc3 g6 7. g3 Bg7 8. Bg2
O-O 9. O-O Na6 10. h3 Nc7 11. a4 Rb8 12. Re1 b5 13. axb5 Nxb5 14. e4 Nd7 15. Bf4
Ne5 16. Bxe5 Bxe5 17. Nxe5 dxe5 18. Nxb5 Rxb5 19. Qc2 Qb6 20. Rec1 f5 21. Qc4
fxe4 22. d6+ Kh8 23. Rxa7 Rxb2 24. Qxc5 Qxc5 25. Rxc5 Bb7 26. d7 Rd8 27. Rc7 Bd5
28. Rc8 Rb8 29. Rxb8 Rxb8 30. Rc7 Be6 31. Bxe4 Rd8 32. h4 Bxd7 33. Kg2 Kg8 34.
f3 Kf8 35. g4 Ke8 36. Rc5 Kf7 37. Rxe5 Be6 38. Kg3 Rd1 39. Ra5 Rg1+ 40. Kf4 Kf6
41. Ra6 Kf7 42. Ke5 Bxg4 43. Ra7+ Kf8 44. Kf6 Ke8 45. fxg4 Rxg4 46. Bc6+ Kd8 47.
Rd7+ Kc8 48. Rxh7 Kd8 49. Rh8+ Kc7 50. Be8 1-0

[Event "ch-Commonwealth 2012"]
[Site "Chennai IND"]
[Date "2012.11.25"]
[Round "5"]
[White "Augustin, A"]
[Black "Shyam, Sundar M."]
[Result "0-1"]
[BlackTitle "IM"]
[WhiteElo "2037"]
[BlackElo "2484"]
[WhiteFideId "5046831"]
[BlackFideId "5019141"]
[EventDate "2012.11.23"]

1. e4 e5 2. Nf3 Nc6 3. Bb5 Nge7 4. O-O g6 5. c3 a6 6. Ba4 Bg7 7. d4 exd4 8. cxd4
b5 9. Bb3 O-O 10. Nc3 d6 11. h3 Na5 12. Be3 Bb7 13. d5 Qd7 14. Nd4 Rfe8 15. a3
Nxb3 16. Qxb3 c5 17. Nde2 Nc8 18. Rad1 Nb6 19. Bc1 a5 20. Qxb5 Qxb5 21. Nxb5 Ba6
22. Nec3 Bxc3 23. Nxc3 Bxf1 24. Kxf1 Rab8 25. Rd2 f5 26. f3 Nc4 27. Rc2 Rb3 28.
a4 Nb6 29. Bg5 Nc8 30. Kf2 Rb4 31. g4 Rf8 32. gxf5 gxf5 33. Ke3 fxe4 34. fxe4
Nb6 35. Rg2 Nc4+ 36. Kd3 Rf3+ 37. Ke2 Rxh3 38. Bh6+ Kf7 39. b3 Rxh6 40. bxc4
Rb2+ 0-1

[Event "ch-Commonwealth 2012"]
[Site "Chennai IND"]
[Date "2012.11.25"]
[Round "5"]
[White "Dimakiling, Oliver"]
[Black "Lakshmi Narayanan, MV"]
[Result "0-1"]
[WhiteTitle "IM"]
[WhiteElo "2453"]
[BlackElo "2107"]
[WhiteFideId "5202248"]
[BlackFideId "5040647"]
[EventDate "2012.11.23"]

1. c4 c5 2. Nc3 Nc6 3. Nf3 g6 4. e3 Nf6 5. d4 cxd4 6. exd4 d6 7. h3 Bg7 8. d5
Nb8 9. Be3 O-O 10. Be2 Nbd7 11. O-O Nc5 12. Rc1 a5 13. Nd4 a4 14. Qc2 Bd7 15. f4
Qa5 16. f5 Rfc8 17. g4 Be8 18. Rf2 Nfd7 19. Qd2 Ne5 20. Bh6 Bxh6 21. Qxh6 f6 22.
fxg6 Bxg6 23. h4 Kh8 24. Rd1 Rg8 25. Qe3 a3 26. b4 Qxb4 27. Ndb5 Rg7 28. Rd4
Rag8 29. Rg2 Be8 30. g5 Bd7 31. Kh2 fxg5 32. hxg5 Be8 33. Nc7 Bd7 34. Rh4 Bf5
35. N7b5 Bd3 36. Bxd3 Ncxd3 37. Rd4 Ne1 38. Rf2 Rxg5 39. Rh4 Ng4+ 40. Rxg4 Rxg4
41. Qxe7 R4g6 42. Qh4 Nf3+ 43. Rxf3 Qb2+ 44. Rf2 0-1

[Event "ch-Commonwealth 2012"]
[Site "Chennai IND"]
[Date "2012.11.25"]
[Round "5"]
[White "Thejkumar, M. S."]
[Black "Shantharam, K.V."]
[Result "0-1"]
[WhiteTitle "IM"]
[BlackTitle "FM"]
[WhiteElo "2442"]
[BlackElo "2100"]
[WhiteFideId "5009154"]
[BlackFideId "5000319"]
[EventDate "2012.11.23"]

1. d4 e6 2. c4 d5 3. Nc3 c5 4. cxd5 exd5 5. Nf3 Nc6 6. g3 Nf6 7. Bg2 Be7 8. O-O
O-O 9. dxc5 Bxc5 10. Bg5 d4 11. Bxf6 Qxf6 12. Nd5 Qd8 13. Nd2 Bh3 14. Bxh3 Qxd5
15. Bg2 Qe6 16. Rc1 Bb6 17. Bxc6 bxc6 18. Nc4 Rfe8 19. Rc2 Rad8 20. Qd3 Qd5 21.
Rfc1 Re6 22. b4 h5 23. h4 Rde8 24. Rd1 Re4 25. a4 Bc7 26. f3 R4e6 27. Qxd4 Qf5
28. Qd3 Qh3 29. e4 Rg6 30. Rg2 Rxg3 31. Rxg3 Qxg3+ 32. Kf1 Rd8 33. Qxd8+ Bxd8
34. Rxd8+ Kh7 35. Ke2 Qxh4 36. Rd7 Qh2+ 37. Ke3 Qg1+ 38. Ke2 h4 0-1

[Event "ch-Commonwealth 2012"]
[Site "Chennai IND"]
[Date "2012.11.25"]
[Round "5"]
[White "Harikrishna. S. R."]
[Black "Narayanan, Srinath"]
[Result "1/2-1/2"]
[BlackTitle "IM"]
[WhiteElo "2006"]
[BlackElo "2438"]
[WhiteFideId "5048206"]
[BlackFideId "5018420"]
[EventDate "2012.11.23"]

1. d4 Nf6 2. c4 e6 3. g3 c5 4. d5 exd5 5. cxd5 d6 6. Nc3 g6 7. Bg2 Bg7 8. Nf3
O-O 9. O-O a6 10. a4 Re8 11. Nd2 Nbd7 12. h3 Rb8 13. Nc4 Ne5 14. Na3 Nh5 15. e4
Bd7 16. a5 Qxa5 17. g4 Nf6 18. f4 Nexg4 19. hxg4 Nxg4 20. f5 h5 21. Bg5 c4 22.
f6 Bh8 23. Qd4 Rbc8 24. Nab5 Qb4 25. Ra4 Qb3 26. Ra3 Qb4 27. Ra4 Qb3 28. Ra3 1/2-1/2